| 000 | 01681nam a2200205Ia 4500 | ||
|---|---|---|---|
| 001 | b6229-44098 | ||
| 003 | IT-MiCISF | ||
| 008 | 161014s9999||||xx |||||||||||||| ||und|| | ||
| 040 |
_aIT-MiCISF _cIT-MiCISF |
||
| 041 | _ait | ||
| 100 | _aTarozzi Massimiliano (a cura di) | ||
| 245 | 0 |
_aIl governo della tv _bEtnografie del consumo televisivo in contesti domestici |
|
| 250 | _a1a ed. | ||
| 260 |
_a Milano _bFranco Angeli _c2007 |
||
| 300 | _app. 174 | ||
| 500 | _a / televisione, informazione, educazione-bambini, problemi-educazione, organizzazione-familiare, famiglia / Il volume raccoglie i risultati di una ricerca etnografica condotta da un'équipe multidisciplinare tra le famiglie residenti in tre città italiane, - Trento, Bologna e Napoli - e diretta dal curatore, professore di Pedagogia Generale e docente di Metodologia della Ricerca Qualitativa presso la Facoltà di Scienze Cognitive dell'Università degli Studi di Trento. L'obiettivo era di esplorare i processi di governo televisivo familiare sia per comprendere il funzionamento del sistema di controllo che per verificare l'impiego della televisione come "produttore di ordine" all'interno delle complesse routine familiari. Ne emerge una inedita teoria esplicativa, che assegna alle madri un ruolo preponderante nel governo televisivo evidenziandone le strategie di intervento nella gestione di un mezzo in grado di ammaliare ma anche di anestetizzare i bambini di 3-6 anni. Il volume si rivolge ad un pubblico di esperti e di ricercatori ma è sicuramente molto utile anche ai genitori. | ||
| 650 |
_a Genitorialità e problemi educativi / mass-media _e004 |
||
| 942 | _cBK | ||
| 957 | _71 | ||
| 999 |
_a44098 _bsi _g1 _c210836 _d210836 |
||